Drapeaux des régions d'Italie - Statistiques

Statistiques générales
  • Ce quiz a été pris 362 fois
  • Le résultat moyen est 12 sur 20
Statistiques - réponses
Par images Réponse % Correct
Sardaigne
92%
Calabre
83%
Sicile
82%
Molise
78%
Latium
76%
Emilie-Romagne
73%
Pouilles
72%
Lombardie
66%
Piémont
63%
Vénétie
63%
Marches
62%
Toscane
57%
Ligurie
53%
Campanie
43%
Vallée d'Aoste
42%
Abruzzes
40%
Ombrie
40%
Basilicate
39%
Frioul-Vénétie Julienne
36%
Trentin-Haut-Adige
35%
Aucun quiz correspondant
Distribution des résultats
% des personnes avec chaque résultat
Percentile par nombre de réponses
Votre historique - résultats
Vous n’avez pas pris ce quiz